|
|
|
|
| LEADER |
00714nab a2200169 i 4500 |
| 001 |
misc23398 |
| 005 |
20191111110359.0 |
| 008 |
170724s1959 hu o 0|| zxx d |
| 040 |
|
|
|a SZTE Miscellanea Repozitórium
|b hun
|
| 041 |
|
|
|a zxx
|
| 100 |
1 |
|
|a Weischedel Wilhelm
|
| 245 |
1 |
0 |
|a Recht und Ethik
|h [elektronikus dokumentum] :
|b zur Anwendung ethischer Prinzipien in der Rechtsprechung des Bundesgerichtshofs : Vortrag gehalten vor der Juristischen Studiengesellschaft in Karlsruhe am 11.November 1955 /
|c Weischedel Wilhelm
|
| 260 |
|
|
|c 1959
|
| 300 |
|
|
|a 1-36
|
| 490 |
0 |
|
|a Kolligátum
|
| 695 |
|
|
|a Igazságszolgáltatás - Németország
|
| 856 |
4 |
0 |
|u http://misc.bibl.u-szeged.hu/23398/1/87571_001-036.pdf
|z Dokumentum-elérés
|